<?xml version="1.0" encoding="UTF-8"?>
<record
    xmlns:xsi="http://www.w3.org/2001/XMLSchema-instance"
    xsi:schemaLocation="http://www.loc.gov/MARC21/slim http://www.loc.gov/standards/marcxml/schema/MARC21slim.xsd"
    xmlns="http://www.loc.gov/MARC21/slim">

  <leader>00739cam a22002177a 4500</leader>
  <datafield tag="999" ind1=" " ind2=" ">
    <subfield code="c">17042</subfield>
    <subfield code="d">17042</subfield>
  </datafield>
  <controlfield tag="001">12338066</controlfield>
  <controlfield tag="003">AUA.1</controlfield>
  <controlfield tag="005">20191205153350.0</controlfield>
  <controlfield tag="008">161108b        xxu||||| |||| 00| 0 eng d</controlfield>
  <datafield tag="020" ind1=" " ind2=" ">
    <subfield code="a">9780983259206</subfield>
  </datafield>
  <datafield tag="040" ind1=" " ind2=" ">
    <subfield code="a">DLC</subfield>
    <subfield code="c">DLC</subfield>
  </datafield>
  <datafield tag="050" ind1="0" ind2="0">
    <subfield code="a">BV 680</subfield>
    <subfield code="b">.W45 2011</subfield>
  </datafield>
  <datafield tag="100" ind1="1" ind2=" ">
    <subfield code="a">White, Vincent E.</subfield>
  </datafield>
  <datafield tag="245" ind1="1" ind2="0">
    <subfield code="a">The twenty-first century deacon and deaconess :</subfield>
    <subfield code="b"> reflecting the biblical model /</subfield>
    <subfield code="c">Vincent E. White,  Sr. </subfield>
  </datafield>
  <datafield tag="260" ind1=" " ind2=" ">
    <subfield code="a">Huntsville,  :</subfield>
    <subfield code="b">AVA's Book Publishers,</subfield>
    <subfield code="c">2011.</subfield>
  </datafield>
  <datafield tag="300" ind1=" " ind2=" ">
    <subfield code="a">[xiii], 226 p. ;</subfield>
    <subfield code="c">21 cm.</subfield>
  </datafield>
  <datafield tag="504" ind1=" " ind2=" ">
    <subfield code="a">includes bibliography and reference</subfield>
  </datafield>
  <datafield tag="906" ind1=" " ind2=" ">
    <subfield code="a">7</subfield>
    <subfield code="b">cbc</subfield>
    <subfield code="c">orignew</subfield>
    <subfield code="d">4</subfield>
    <subfield code="e">ncip</subfield>
    <subfield code="f">20</subfield>
    <subfield code="g">y-gencatlg</subfield>
  </datafield>
  <datafield tag="942" ind1=" " ind2=" ">
    <subfield code="2">lcc</subfield>
    <subfield code="c">DWBSLC</subfield>
    <subfield code="h">BV 680</subfield>
    <subfield code="i">.W45 2011</subfield>
  </datafield>
  <datafield tag="952" ind1=" " ind2=" ">
    <subfield code="0">0</subfield>
    <subfield code="1">0</subfield>
    <subfield code="2">lcc</subfield>
    <subfield code="4">0</subfield>
    <subfield code="7">0</subfield>
    <subfield code="8">DWBSLC</subfield>
    <subfield code="a">AUA.1</subfield>
    <subfield code="b">AUA.1</subfield>
    <subfield code="c">SPEC</subfield>
    <subfield code="d">2016-11-08</subfield>
    <subfield code="e">Donation, Dr. Delbert Baker</subfield>
    <subfield code="g">10.00</subfield>
    <subfield code="h">AUA20657</subfield>
    <subfield code="o">BV 680 .W45 2011</subfield>
    <subfield code="p">AUA20657</subfield>
    <subfield code="r">2016-11-08 00:00:00</subfield>
    <subfield code="v">10.00</subfield>
    <subfield code="w">2016-11-08</subfield>
    <subfield code="y">DWBSLC</subfield>
  </datafield>
</record>
